| 000 -ლიდერი |
| ფიქსირებული სიგრძის საკონტროლო ველი |
01440nam a2200277Ia 4500 |
| 001 - საკონტროლო ნომერი |
| საკონტროლო ველი |
20889 |
| 003 - საკონტროლო ნომრის იდენტიფიკატორი |
| საკონტროლო ველი |
GE_BSU |
| 005 - ბოლო ოპერაციის თარიღი და დრო |
| საკონტროლო ველი |
20210610164402.0 |
| 008 - ფიქსირებული სიგრძის მონაცემთა ელემენტები - ზოგადი ინფორმაცია |
| ფიქსირებული სიგრძის საკონტროლო ველი |
181216s2015||||ge |||||||||||||| ||geo|| |
| 020 ## - წიგნის საერთაშორისო სტანდარტული ნომერი |
| International Standard Book Number |
9789941942822 |
| 040 ## - კატალოგიზაციის წყარო |
| Transcribing agency |
GE_BSU |
| 041 ## - ენის კოდი |
| Language code of text/sound track or separate title |
geo |
| 080 ## - უნივერსალური ათობითი კლასიფიკაციის ინდექსი |
| Universal Decimal Classification number |
342 .393/2 მ-44 |
| 100 ## - მთავარი ჩანაწერი - პიროვნების სახელი |
| Personal name |
მახარობლიშვილი, გიორგი |
| 9 (RLIN) |
9266 |
| 245 ## - ცნობა სათაურის შესახებ |
| Title |
კორპორაციული მართვის ზოგადი ანალიზი : |
| Remainder of title |
შედარებითი სამართლებრივი კვლევა / |
| Statement of responsibility, etc |
გიორგი მახარობლიშვილი. |
| 264 ## - წარმოების, გამოცემის, დისტრიბუციის და სხვა ცნობები |
| გამოცემის, წარმოების, დისტრიბუციის... ადგილი |
თბილისი : |
| გამოცემის, წარმოების, დისტრიბუციის... სახელწოდება |
იურისტების სამყარო, |
| გამოცემის, წარმოების, დისტრიბუციის... თარიღი |
2015. |
| 300 ## - ფიზიკური აღწერა |
| Extent |
370 გვ. ; |
| Dimensions |
20 სმ. |
| 630 ## - SUBJECT ADDED ENTRY--UNIFORM TITLE |
| Uniform title |
კორპორაციული მართვის ზიგადი ანალიზი |
| 9 (RLIN) |
12014 |
| 630 ## - SUBJECT ADDED ENTRY--UNIFORM TITLE |
| Uniform title |
სამართალი |
| 9 (RLIN) |
12015 |
| 653 ## - INDEX TERM--UNCONTROLLED |
| Uncontrolled term |
კორპორაციული მართვის ზიგადი ანალიზი |
| 653 ## - INDEX TERM--UNCONTROLLED |
| Uncontrolled term |
სამართალი |
| 710 ## - ADDED ENTRY--CORPORATE NAME |
| Corporate name or jurisdiction name as entry element |
საკოპორაციო, საბანკო და ეკონომიკური სამართლის ინსტიტუტი |
| 9 (RLIN) |
12016 |
| 710 ## - ADDED ENTRY--CORPORATE NAME |
| Corporate name or jurisdiction name as entry element |
თსუ |
| Subordinate unit |
იურიდიული ფაკულტეტი |
| 9 (RLIN) |
12017 |
| 942 ## - ADDED ENTRY ELEMENTS (KOHA) |
| Koha item type |
წიგნი |
| Source of classification or shelving scheme |
|